000 00305nam a2200109 4500
008 b xx# fre u
040 _aLB-BrCRDP
082 1 _a372.9
_bFER
245 1 0 _aFaire de la géographie à l'école
_cRobert Ferras
942 _cBK
999 _c9676
_d9676